[Event "TCh-CHN"]
[Site "Ningbo City CHN"]
[Date "2010.04.18"]
[Round "3"]
[White "Wan, Yunguo"]
[Black "Li, Haoyu"]
[Result "1-0"]
[WhiteElo "2424"]
[BlackElo "2369"]
[WhiteTeam "HEBEI"]
[BlackTeam "TIANJIN Nan Kai"]
[WhiteFideId "8603189"]
[BlackFideId "8601488"]
[EventDate "2010.05.23"]

1. e4 e5 2. Nf3 Nf6 3. Nxe5 d6 4. Nf3 Nxe4 5. d4 d5 6. Bd3 Be7 7. O-O Nc6 8. c4
Nb4 9. Be2 O-O 10. a3 Nc6 11. cxd5 Qxd5 12. Nc3 Nxc3 13. bxc3 Bf5 14. Re1 Rfe8
15. Bf4 Rac8 16. h3 Be4 17. Be3 Bf6 18. Nd2 Bf5 19. Bf3 Qd7 20. g4 Bg6 21. Nc4
h6 22. Qb3 b6 23. Rad1 Be4 24. Ne5 Na5 25. Nxd7 Nxb3 26. Nxf6+ gxf6 27. Bxe4
Rxe4 28. Bxh6 Rce8 29. Rxe4 Rxe4 30. Kf1 f5 31. Re1 Rxe1+ 32. Kxe1 fxg4 33. hxg4
c6 34. Ke2 Na5 35. Kd3 b5 36. Ke4 Nc4 37. Bc1 f6 38. f4 Nd6+ 39. Kd3 f5 40. gxf5
Kf7 41. d5 cxd5 42. Kd4 Ne4 43. c4 bxc4 44. Kxd5 Ng3 45. Kxc4 Nxf5 46. Kb5 Ke6
47. Ka6 Kd5 48. a4 Kc4 49. a5 Kc5 50. Kxa7 Kc6 51. a6 Ne7 52. Ba3 Nd5 53. Kb8
Nb6 54. a7 Nd7+ 55. Kc8 Nb6+ 56. Kd8 Kb7 57. f5 Nd5 58. Bc5 Nf6 59. Bd4 Ng4 60.
Kd7 Ka8 61. Kc6 1-0

[Event "TCh-CHN"]
[Site "Ningbo City CHN"]
[Date "2010.04.18"]
[Round "3"]
[White "Ning, Chunhong"]
[Black "Wang, Doudou"]
[Result "1/2-1/2"]
[WhiteTitle "WGM"]
[WhiteElo "2347"]
[BlackElo "2225"]
[WhiteTeam "TIANJIN Nan Kai"]
[BlackTeam "HEBEI"]
[WhiteFideId "8600376"]
[BlackFideId "8603197"]
[EventDate "2010.05.23"]

1. d4 Nf6 2. Nf3 g6 3. Bg5 Bg7 4. Nbd2 O-O 5. c3 d5 6. e3 h6 7. Bh4 c6 8. Bd3
Nbd7 9. O-O Qe8 10. Re1 Nb6 11. a4 a5 12. b4 Qd8 13. Qb3 g5 14. Bg3 Nh5 15. Nf1
Nd7 16. b5 Nxg3 17. Nxg3 e5 18. Bf5 e4 19. Nd2 Nf6 20. Rab1 Bxf5 21. Nxf5 Qd7
22. Nxg7 Kxg7 23. bxc6 bxc6 24. c4 Qa7 25. Qb7 Rfc8 26. Qxa7 Rxa7 27. Rec1 Rcc7
28. h3 c5 29. cxd5 cxd4 30. exd4 Nxd5 31. Nxe4 Nf4 32. Rxc7 Rxc7 33. Rb5 Rc4 34.
Rxa5 Rxd4 35. Ng3 Rd1+ 36. Kh2 Rd2 37. Nf5+ Kg6 38. Kg3 Ne2+ 39. Kf3 Ng1+ 40.
Ke4 Re2+ 41. Ne3 Rxf2 42. Ra6+ f6 1/2-1/2

[Event "TCh-CHN"]
[Site "Ningbo City CHN"]
[Date "2010.04.18"]
[Round "3"]
[White "Xiu, Deshun"]
[Black "Lou, Yiping"]
[Result "1/2-1/2"]
[WhiteElo "2493"]
[BlackElo "2429"]
[WhiteTeam "BEIJING Aigo"]
[BlackTeam "SHANGHAI Jianqiao"]
[WhiteFideId "8603693"]
[BlackFideId "8603928"]
[EventDate "2010.05.23"]

1. Nf3 Nf6 2. c4 c5 3. g3 Nc6 4. Bg2 d6 5. Nc3 g6 6. a3 Bg7 7. Rb1 O-O 8. O-O a5
9. d3 Ne8 10. Bd2 Nc7 11. Qb3 Rb8 12. Qb6 Bd7 13. Rfc1 Re8 14. Nd5 Nxd5 15. Qxd8
Nxd8 16. cxd5 a4 17. Bc3 Bh6 18. Bd2 Bg7 19. Bc3 Bh6 20. Bd2 Bg7 1/2-1/2

[Event "TCh-CHN"]
[Site "Ningbo City CHN"]
[Date "2010.04.18"]
[Round "3"]
[White "Wang, Jue"]
[Black "Zhang, Xiaowen"]
[Result "1-0"]
[BlackTitle "WGM"]
[WhiteElo "2180"]
[BlackElo "2437"]
[WhiteTeam "BEIJING Aigo"]
[BlackTeam "SHANGHAI Jianqiao"]
[WhiteFideId "8604070"]
[BlackFideId "8603219"]
[EventDate "2010.05.23"]

1. e4 e6 2. d4 d5 3. Nc3 Nf6 4. Bg5 Bb4 5. e5 h6 6. Bd2 Bxc3 7. bxc3 Ne4 8. Qg4
Kf8 9. Bd3 Nxd2 10. Kxd2 Qg5+ 11. Qxg5 hxg5 12. f4 gxf4 13. Rf1 c5 14. Nh3 Nc6
15. Rxf4 Ke7 16. Rhf1 Nd8 17. Rg4 c4 18. Be2 g6 19. Rgf4 Bd7 20. Ng5 Be8 21. h4
b5 22. Rh1 Rb8 23. g4 Kf8 24. Rf6 Kg7 25. Nf3 Rb6 26. a3 Ra6 27. Ra1 Nc6 28. h5
gxh5 29. gxh5 Rxh5 30. Rg1+ Kf8 31. Ng5 Rxg5 32. Rxg5 Rxa3 33. Bg4 Ke7 34. Bxe6
fxe6 35. Rg7+ Kd8 36. Rxe6 b4 37. Rd6+ Kc8 38. Rg8 Kc7 39. Rxe8 Rxc3 40. Ree6
Rxc2+ 41. Kxc2 Nxd4+ 42. Kc1 Nxe6 43. Rxe6 Kd7 44. Rd6+ Ke7 45. Rxd5 Ke6 46. Rc5 1-0

[Event "TCh-CHN"]
[Site "Ningbo City CHN"]
[Date "2010.04.18"]
[Round "3"]
[White "Yu, Shaoteng"]
[Black "Gao, Rui"]
[Result "1/2-1/2"]
[WhiteTitle "GM"]
[BlackTitle "IM"]
[WhiteElo "2529"]
[BlackElo "2464"]
[WhiteTeam "GUANGDONG Huateng"]
[BlackTeam "China Mobile CHONGQING"]
[WhiteFideId "8600660"]
[BlackFideId "8602387"]
[EventDate "2010.05.23"]

1. e4 c5 2. Nf3 d6 3. d4 cxd4 4. Qxd4 Nc6 5. Bb5 Bd7 6. Bxc6 Bxc6 7. Nc3 Nf6 8.
Bg5 e6 9. O-O-O Be7 10. Rhe1 O-O 11. Kb1 a6 12. Qd2 Re8 13. Nd4 Rc8 14. Nf3 Ra8
15. Nd4 Rc8 16. f3 h6 17. Nxc6 Rxc6 18. Be3 Nd7 19. Ne2 Ne5 20. Nd4 Nc4 21. Qd3
Rc8 22. Bc1 Qb6 23. b3 Bf6 24. c3 Ne5 25. Qe3 Nc4 26. Qd3 Ne5 27. Qe3 Nc4 28.
Qd3 1/2-1/2

[Event "TCh-CHN"]
[Site "Ningbo City CHN"]
[Date "2010.04.18"]
[Round "3"]
[White "Liang, Chong"]
[Black "Wang, Chen"]
[Result "1/2-1/2"]
[WhiteTitle "GM"]
[WhiteElo "2502"]
[BlackElo "2390"]
[WhiteTeam "GUANGDONG Huateng"]
[BlackTeam "China Mobile CHONGQING"]
[WhiteFideId "8600899"]
[BlackFideId "8601020"]
[EventDate "2010.05.23"]

1. d4 d5 2. c4 e6 3. Nc3 Nf6 4. Nf3 Nbd7 5. Bf4 c6 6. e3 Be7 7. c5 Nh5 8. Bd3
Nxf4 9. exf4 b6 10. b4 bxc5 11. bxc5 Qa5 12. Qd2 Bf6 13. Rc1 Qa3 14. O-O Ba6 15.
Bxa6 Qxa6 16. Rb1 O-O 17. Rb4 Rfb8 18. Ra4 Qc8 19. g3 a5 20. Kg2 Rb4 21. Rxb4
axb4 22. Ne2 Qa6 23. Nc1 Qc4 24. Nb3 Qc3 25. Rd1 Qxd2 26. Rxd2 Ra4 27. Ne5 Bxe5
28. fxe5 Nb8 29. Rb2 Na6 30. Na1 g5 31. Nc2 Kg7 32. f4 gxf4 33. gxf4 f5 34.
exf6+ Kxf6 35. Kg3 Kf5 36. Kf3 h5 37. h3 Kf6 38. Kg3 Kf5 39. Kf3 Kf6 40. Ke3 Kf5
41. Kf3 1/2-1/2

[Event "TCh-CHN"]
[Site "Ningbo City CHN"]
[Date "2010.04.18"]
[Round "3"]
[White "Tan, Zhongyi"]
[Black "Liang, Zhihua"]
[Result "1-0"]
[WhiteTitle "WGM"]
[BlackTitle "WIM"]
[WhiteElo "2464"]
[BlackElo "2216"]
[WhiteTeam "China Mobile CHONGQING"]
[BlackTeam "GUANGDONG Huateng"]
[WhiteFideId "8603642"]
[BlackFideId "8600562"]
[EventDate "2010.05.23"]

1. d4 Nf6 2. c4 e5 3. dxe5 Ng4 4. Bf4 Nc6 5. Nf3 Bb4+ 6. Nc3 Bxc3+ 7. bxc3 Qe7
8. Qd5 f6 9. exf6 Nxf6 10. Qd3 d6 11. e3 O-O 12. Be2 Ne4 13. Nd4 Nxf2 14. Kxf2
Ne5 15. Qd2 g5 16. Rhf1 Bd7 17. Kg1 gxf4 18. exf4 Ng6 19. Bd3 Qg7 20. Rae1 Kh8
21. Bxg6 Qxg6 22. Nb5 Bxb5 23. cxb5 Rf7 24. Qd4+ Rg7 25. Rf2 c5 26. bxc6 bxc6
27. f5 Qg5 28. Qxd6 Rag8 29. Qxc6 Qh4 30. Re8 Qg4 31. Rxg8+ Rxg8 32. Qf6+ Rg7
33. Qd8+ 1-0

[Event "TCh-CHN"]
[Site "Ningbo City CHN"]
[Date "2010.04.18"]
[Round "3"]
[White "Le, Thanh Tu"]
[Black "Huang, Qian"]
[Result "1/2-1/2"]
[WhiteTitle "WGM"]
[BlackTitle "WGM"]
[WhiteElo "2318"]
[BlackElo "2439"]
[WhiteTeam "GUANGDONG Huateng"]
[BlackTeam "China Mobile CHONGQING"]
[WhiteFideId "12401005"]
[BlackFideId "8602689"]
[EventDate "2010.05.23"]

1. d4 Nf6 2. c4 g6 3. Nc3 Bg7 4. e4 d6 5. Nf3 O-O 6. h3 c5 7. d5 e6 8. Bd3 a6 9.
a4 exd5 10. cxd5 Nbd7 11. O-O Nh5 12. Bg5 Bf6 13. Be3 Rb8 14. Rb1 Re8 15. Qd2
Qa5 16. g4 Ng7 17. Bf4 Ne5 18. Nxe5 Bxe5 19. Bxe5 dxe5 20. Qe3 Qc7 21. b3 Bd7
22. f4 exf4 23. Qxf4 Qxf4 24. Rxf4 Re5 25. Rbf1 Rf8 26. Nb1 h5 27. Nd2 hxg4 28.
hxg4 Rg5 29. Nf3 Rxg4+ 30. Rxg4 Bxg4 31. Ne5 Bh3 32. Rf3 Bc8 33. Bb1 Ne8 34. Nd3
Kg7 35. Nxc5 b6 36. Nd3 Nd6 37. Re3 Re8 38. Nf2 Bd7 39. Bd3 Nf5 40. Re1 Nd4 41.
Rb1 b5 42. Kg2 f5 43. axb5 axb5 44. Ra1 fxe4 45. Nxe4 Bf5 46. Nd6 Re3 47. Nxf5+
Nxf5 48. Bxb5 Rxb3 49. Bc6 1/2-1/2

[Event "TCh-CHN"]
[Site "Shenzhan CHN"]
[Date "2010.06.07"]
[Round "4"]
[White "Ruan, Lufei"]
[Black "Tan, Zhongyi"]
[Result "1-0"]
[WhiteTitle "WGM"]
[BlackTitle "WGM"]
[WhiteElo "2479"]
[BlackElo "2464"]
[WhiteTeam "Lanpo JIANGSU"]
[BlackTeam "China Mobile CHONGQING"]
[WhiteFideId "8602727"]
[BlackFideId "8603642"]
[EventDate "2010.05.23"]

1. e4 d6 2. d4 Nf6 3. Nc3 g6 4. Bg5 Bg7 5. Qd2 c6 6. f4 b5 7. Bd3 O-O 8. Nf3 Bg4
9. O-O Qb6 10. Ne2 c5 11. e5 d5 12. exf6 exf6 13. Bh4 c4 14. c3 cxd3 15. Nc1 b4
16. Nxd3 bxc3 17. bxc3 Nd7 18. Nb4 Qd6 19. Nc2 Rfe8 20. Rae1 Nb6 21. Rxe8+ Rxe8
22. Ne3 Bxf3 23. Rxf3 Re4 24. Bf2 f5 25. g3 Qc6 26. Kg2 a5 27. Qd3 a4 28. Qa6
Re6 29. Nc2 Qc4 30. Qxc4 Nxc4 31. Ne3 Nd2 32. Nxd5 Nxf3 33. Kxf3 Kf8 34. Be3 Re8
35. Nb6 a3 36. Bc1 Re1 37. Bxa3+ Ke8 38. Bb4 Bf8 39. a3 Rf1+ 40. Ke3 Re1+ 41.
Kf2 Rc1 42. Nd5 Bxb4 43. axb4 Rc2+ 44. Ke3 Rxh2 45. b5 Kd7 46. c4 Rg2 47. Kf3
Rd2 48. Ke3 Rg2 49. c5 Rxg3+ 50. Kd2 Rg2+ 51. Kd3 Rg3+ 52. Kc4 Rg1 53. b6 h5 54.
b7 Rc1+ 55. Kb5 Rb1+ 56. Nb4 Kc7 57. c6 Kb8 58. d5 1-0

[Event "TCh-CHN"]
[Site "Shenzhan CHN"]
[Date "2010.06.07"]
[Round "4"]
[White "Huang, Qian"]
[Black "Guo, Qi"]
[Result "1-0"]
[WhiteTitle "WGM"]
[WhiteElo "2439"]
[BlackElo "2143"]
[WhiteTeam "China Mobile CHONGQING"]
[BlackTeam "Lanpo JIANGSU"]
[WhiteFideId "8602689"]
[BlackFideId "8604002"]
[EventDate "2010.05.23"]

1. a3 d5 2. c4 e6 3. Nf3 Nf6 4. e3 c5 5. Be2 Nc6 6. O-O d4 7. d3 Bd6 8. exd4
Nxd4 9. Nxd4 cxd4 10. Bf3 Qc7 11. g3 a5 12. Nd2 h5 13. Qe2 Bd7 14. Rb1 Bc6 15.
b4 axb4 16. axb4 Ra4 17. Bb2 Bxb4 18. Bxd4 Bxd2 19. Bxc6+ bxc6 20. Be5 Qa7 21.
Rb8+ Qxb8 22. Bxb8 Bb4 23. Be5 O-O 24. Bxf6 gxf6 25. Qxh5 Rd8 26. Qg4+ Kf8 27.
Qf3 c5 28. Qxf6 Rxd3 29. Qe5 Ke7 30. Qg5+ Kd7 31. h4 f5 32. Qg7+ Kd6 33. Qf8+
Ke5 34. h5 Ra7 35. Qb8+ 1-0

[Event "TCh-CHN"]
[Site "Shenzhan CHN"]
[Date "2010.06.07"]
[Round "4"]
[White "Ju, Wenjun"]
[Black "Wang, Doudou"]
[Result "1-0"]
[WhiteTitle "WGM"]
[WhiteElo "2500"]
[BlackElo "2225"]
[WhiteTeam "SHANGHAI Jianqiao"]
[BlackTeam "HEBEI"]
[WhiteFideId "8603006"]
[BlackFideId "8603197"]
[EventDate "2010.05.23"]

1. d4 Nf6 2. c4 g6 3. Nc3 Bg7 4. e4 d6 5. Nf3 O-O 6. h3 c5 7. d5 e6 8. Bd3 exd5
9. exd5 Re8+ 10. Be3 Na6 11. O-O Nc7 12. a4 Na6 13. Rc1 Nb4 14. Bb1 b6 15. Qd2
Bd7 16. Rfe1 Qc7 17. Bg5 a6 18. g4 Rxe1+ 19. Rxe1 Re8 20. Rc1 h5 21. Bxf6 Bxf6
22. Qf4 Bg7 23. gxh5 Bxh3 24. hxg6 fxg6 25. Bxg6 Rf8 26. Qg3 Qd7 27. Ng5 Bf5 28.
Bxf5 Qxf5 29. Ne6 Rf7 30. Re1 Nd3 31. Re2 Nf4 32. Nxf4 Qxf4 33. Re8+ Kh7 34. Ne4
Qxg3+ 35. fxg3 Bd4+ 36. Kg2 Kg7 37. b3 Be5 38. Rb8 b5 39. cxb5 axb5 40. Rxb5 Rc7
41. Rb6 c4 42. Rc6 Rxc6 43. dxc6 d5 44. bxc4 1-0

[Event "TCh-CHN"]
[Site "Shenzhan CHN"]
[Date "2010.06.07"]
[Round "4"]
[White "Li, Xueyi"]
[Black "Ding, Yixin"]
[Result "0-1"]
[BlackTitle "WFM"]
[WhiteElo "1957"]
[BlackElo "2315"]
[WhiteTeam "BEIJING Rendafuzhong"]
[BlackTeam "ZHEJIANG"]
[WhiteFideId "8605912"]
[BlackFideId "8602972"]
[EventDate "2010.05.23"]

1. d4 d5 2. Nf3 Nf6 3. Bf4 c5 4. e3 Qb6 5. Qc1 Nc6 6. c3 Bf5 7. Nbd2 h6 8. Be2
e6 9. O-O Be7 10. a3 c4 11. Ne5 g5 12. Nxc6 bxc6 13. Be5 Rg8 14. a4 Nd7 15. Bg3
Bg6 16. e4 h5 17. h3 f5 18. exf5 exf5 19. Re1 f4 20. Bh2 Kd8 21. a5 Qb7 22. a6
Qb6 23. Nxc4 dxc4 24. Bxc4 Rg7 25. b4 Bf7 26. Bxf7 Rxf7 27. Qc2 Nf8 28. Ra5 Rc8
29. Qe2 Rh7 30. Re5 Bd6 31. Rxg5 Re7 32. Qd1 Rxe1+ 33. Qxe1 Qxa6 34. Rxh5 Kd7
35. Ra5 Qb6 36. Qa1 Bb8 37. f3 Re8 38. Kh1 Qd8 39. d5 Qh4 40. dxc6+ Kc8 41. Bg1
Re1 42. Qa2 Ne6 43. Qd2 Nf8 44. Rf5 Bd6 45. Rxf8+ Kc7 46. Rh8 Rxg1+ 47. Kxg1
Qxh8 48. b5 Qe5 49. c4 Qa1+ 50. Kh2 Bc5 51. Qxf4+ Bd6 0-1

[Event "TCh-CHN"]
[Site "Shenzhan CHN"]
[Date "2010.06.07"]
[Round "4"]
[White "Zhou, Weiqi"]
[Black "Gao, Rui"]
[Result "1-0"]
[WhiteTitle "GM"]
[BlackTitle "IM"]
[WhiteElo "2584"]
[BlackElo "2464"]
[WhiteTeam "Lanpo JIANGSU"]
[BlackTeam "China Mobile CHONGQING"]
[WhiteFideId "8601674"]
[BlackFideId "8602387"]
[EventDate "2010.05.23"]

1. d4 Nf6 2. c4 g6 3. Nc3 d5 4. Bg5 Bg7 5. Bxf6 Bxf6 6. cxd5 c6 7. e4 O-O 8. e5
Bg7 9. Bc4 b5 10. Bb3 b4 11. Na4 cxd5 12. Ne2 Nc6 13. Nc5 e6 14. Rc1 Na5 15. O-O
Qb6 16. Nf4 Rd8 17. Ba4 Ba6 18. Re1 Bb5 19. Bxb5 Qxb5 20. Qg4 Rac8 21. h4 Nc6
22. Ncxe6 fxe6 23. Qxe6+ Kh8 24. Rc5 Qb7 25. Rec1 Ne7 26. Rxc8 Rxc8 27. Rxc8+
Qxc8 28. Qxc8+ Nxc8 29. Nxd5 a5 30. f4 Kg8 31. Kf2 Kf7 32. Kf3 h5 33. Ke4 Bh6
34. g3 Ke6 35. Ne3 Nb6 36. d5+ Kd7 37. Kd4 Bf8 38. b3 a4 39. d6 axb3 40. axb3
Ke6 41. Kc5 Nd7+ 42. Kxb4 Nb6 43. Kc5 Nd7+ 44. Kc6 Nb8+ 45. Kb7 Nd7 46. b4 Bg7
47. Nc4 Nf8 48. Kc8 Kd5 49. d7 1-0

[Event "TCh-CHN"]
[Site "Shenzhan CHN"]
[Date "2010.06.07"]
[Round "4"]
[White "Bu, Xiangzhi"]
[Black "Liu, Qingnan"]
[Result "1/2-1/2"]
[WhiteTitle "GM"]
[BlackTitle "IM"]
[WhiteElo "2682"]
[BlackElo "2445"]
[WhiteTeam "SHANGDONG Linglong"]
[BlackTeam "TIANJIN Nan Kai"]
[WhiteFideId "8601445"]
[BlackFideId "8603294"]
[EventDate "2010.05.23"]

1. Nf3 Nf6 2. c4 e6 3. Nc3 d5 4. d4 Be7 5. Bg5 h6 6. Bxf6 Bxf6 7. Qb3 dxc4 8.
Qxc4 a6 9. Ne4 Be7 10. Rc1 Nc6 11. e3 Bb4+ 12. Nc3 O-O 13. Bd3 Bd7 14. Bb1 Bd6
15. O-O Re8 16. Rfd1 e5 17. a3 Qe7 18. Qd3 g6 19. Qc4 exd4 20. exd4 Bg4 21. Re1
Qf6 22. Nd5 Qg7 23. Ne5 Nxe5 24. dxe5 Rxe5 25. Nxc7 Rc8 26. Qxg4 Rxc7 27. g3 h5
28. Qd1 Rxe1+ 29. Qxe1 Qxb2 30. Rxc7 Bxc7 31. Qb4 Qc1+ 32. Kg2 b5 33. Be4 Qg5
34. a4 bxa4 35. Qxa4 Qe5 36. Qc6 Kg7 37. Bd5 Bd6 38. h4 a5 39. Bb3 Bc5 40. Qf3
Qf6 41. Qxf6+ Kxf6 42. f3 Kg7 43. Ba4 f6 44. Be8 Kh6 45. f4 g5 46. fxg5+ fxg5
47. hxg5+ Kxg5 48. Kf3 1/2-1/2

[Event "TCh-CHN"]
[Site "Shenzhan CHN"]
[Date "2010.06.07"]
[Round "4"]
[White "Nguyen, Ngoc Truong Son"]
[Black "Li, Chao b"]
[Result "0-1"]
[WhiteTitle "GM"]
[BlackTitle "GM"]
[WhiteElo "2642"]
[BlackElo "2613"]
[WhiteTeam "GUANGDONG Huateng"]
[BlackTeam "BEIJING Aigo"]
[WhiteFideId "12401110"]
[BlackFideId "8604436"]
[EventDate "2010.05.23"]

1. d4 Nf6 2. c4 g6 3. Nc3 d5 4. Bf4 Bg7 5. e3 O-O 6. Rc1 Be6 7. Nf3 dxc4 8. Ng5
Bd5 9. e4 h6 10. exd5 hxg5 11. Bxg5 Nxd5 12. Bxc4 Nb6 13. Bb3 Nc6 14. d5 Nd4 15.
O-O Qd7 16. Re1 Rfe8 17. h4 Rad8 18. h5 gxh5 19. Qxh5 Qf5 20. Bd1 Nxd5 21. Qh4
Nf6 22. Ne4 c6 23. Rc5 Ne2+ 24. Bxe2 Qxe4 25. Qg3 Qg6 26. Bf3 Rd3 27. Qf4 Nd7
28. Be4 Qd6 29. Rcc1 Qxf4 30. Bxf4 Rd4 31. Bg5 Nf8 32. Rc2 Ne6 33. Bc1 Red8 34.
b3 a5 35. Kf1 Bf6 36. Bf5 Ng7 37. Bh3 R4d5 38. g3 Nf5 39. Bxf5 Rxf5 40. Be3 e6
41. Rc4 Be7 42. Ke2 Rh5 43. Rec1 Ba3 44. Rg1 Kf8 45. g4 Re5 46. g5 Bb4 47. Rc2
Ke7 48. Rh1 Rg8 49. Kd3 Rd5+ 50. Ke4 Bd6 51. Rc4 f5+ 52. gxf6+ Kxf6 53. Rcc1 Rf5
54. Rh6+ Ke7 55. Rh7+ Rf7 56. Rxf7+ Kxf7 57. Rd1 Ke7 58. Rh1 Rg7 59. Bb6 a4 60.
bxa4 Rg4+ 61. Kd3 Rxa4 62. Rh7+ Kf6 63. Rxb7 Rxa2 64. Rd7 Ra3+ 65. Ke4 Ra4+ 66.
Ke3 Ba3 67. Rc7 Ra6 68. Bd4+ e5 69. Bc3 Ke6 70. Kd3 Bd6 71. Rh7 Kd5 72. Rh5 Ra3
73. Kd2 Ke4 74. f3+ Kxf3 75. Rh6 Be7 76. Rxc6 e4 77. Kc2 e3 78. Re6 Bg5 79. Kd3
Kf2 80. Kc2 e2 81. Bb4 Ra4 82. Bc3 Rc4 83. Kb2 Bf4 84. Re8 Rc6 85. Bd4+ Kf3 86.
Bc3 Rd6 87. Re7 Bd2 88. Rf7+ Ke3 0-1

[Event "TCh-CHN"]
[Site "Shenzhan CHN"]
[Date "2010.06.07"]
[Round "4"]
[White "Zeng, Chongsheng"]
[Black "Lu, Shanglei"]
[Result "1/2-1/2"]
[WhiteElo "2350"]
[BlackElo "2340"]
[WhiteTeam "BEIJING Rendafuzhong"]
[BlackTeam "ZHEJIANG"]
[WhiteFideId "8603847"]
[BlackFideId "8603332"]
[EventDate "2010.05.23"]

1. d4 d5 2. c4 c6 3. Nf3 Nf6 4. e3 e6 5. Bd3 Nbd7 6. b3 Bd6 7. Bb2 O-O 8. O-O b6
9. Nbd2 Bb7 10. Qe2 Qe7 11. e4 dxe4 12. Nxe4 Nxe4 13. Qxe4 f5 14. Qe3 Rae8 15.
Rfe1 c5 16. Ne5 cxd4 17. Bxd4 Nxe5 18. Bxe5 Bxe5 19. Qxe5 Qg5 20. Bf1 Rf6 21.
Rad1 Rg6 22. Rd3 Bxg2 23. f4 Bxf1+ 24. fxg5 Bxd3 25. h4 h6 26. Rd1 Be4 27. Rd7
Kh7 28. Kf2 Rg8 29. Re7 hxg5 30. Rxe6 Rxe6 31. Qxe6 gxh4 32. Qe7 h3 33. Qh4+ Kg6
34. Qxh3 Re8 35. Qg3+ Kf6 36. Qd6+ Kf7 37. b4 Re6 38. Qd8 Re8 39. Qd2 Re7 40.
Kg3 Rc7 41. c5 bxc5 42. Qd6 Re7 43. bxc5 Re6 44. Qd7+ Re7 45. Qd2 a6 46. Kf4 Re6
47. Qd8 Rc6 48. Qd7+ Kf8 49. Kg5 Kg8 50. Qe7 Rf6 51. Kf4 Rc6 52. Ke5 Rf6 53.
Qe8+ Kh7 54. Kd4 1/2-1/2

[Event "TCh-CHN"]
[Site "Shenzhan CHN"]
[Date "2010.06.07"]
[Round "4"]
[White "Xu, Jun"]
[Black "Wang, Chen"]
[Result "1/2-1/2"]
[WhiteTitle "GM"]
[WhiteElo "2513"]
[BlackElo "2390"]
[WhiteTeam "Lanpo JIANGSU"]
[BlackTeam "China Mobile CHONGQING"]
[WhiteFideId "8600031"]
[BlackFideId "8601020"]
[EventDate "2010.05.23"]

1. d4 d5 2. c4 e6 3. Nf3 Nf6 4. g3 g6 5. Bg2 Bg7 6. O-O O-O 7. Nc3 c6 8. Qd3 b6
9. Rd1 Ba6 10. b3 Qc8 11. e4 b5 12. cxb5 cxb5 13. b4 dxe4 14. Nxe4 Nxe4 15. Qxe4
Bb7 16. Qh4 Bd5 17. Bh6 f6 18. Bxg7 Kxg7 19. Ne1 Qb7 20. Rac1 Nd7 21. Qg4 Rae8
22. Bxd5 Qxd5 23. Rc7 Rf7 24. Rxa7 Nb6 25. Rxf7+ Kxf7 26. Rc1 Nc4 27. Qf4 Rd8
28. a4 Qxd4 29. Qxd4 Rxd4 30. a5 Ke7 31. a6 Rd8 32. Ra1 Ne5 33. Ra5 Ra8 34. Nc2
Nc6 35. Rxb5 Rxa6 36. Rb7+ Kd6 37. b5 Ra2 38. Ne3 Nd4 39. Rxh7 Nxb5 40. Rh6 Nc3
41. Rxg6 Ne4 42. f4 Re2 43. Ng4 f5 44. Ne5 Re1+ 45. Kg2 Re2+ 46. Kh3 Nd2 47. g4
fxg4+ 48. Rxg4 Ne4 49. Rg7 Nf6 50. Rf7 Nd5 51. Kg3 Ne7 52. Nc4+ Kd7 53. h4 Ke8
54. Rh7 Nf5+ 55. Kf3 Rh2 56. h5 Kf8 57. Ra7 Rxh5 58. Kg4 Rh1 59. Kg5 Ne7 60. Ne5
Rg1+ 1/2-1/2

[Event "TCh-CHN"]
[Site "Shenzhan CHN"]
[Date "2010.06.07"]
[Round "4"]
[White "Yu, Yangyi"]
[Black "Yu, Shaoteng"]
[Result "1-0"]
[WhiteTitle "GM"]
[BlackTitle "GM"]
[WhiteElo "2574"]
[BlackElo "2529"]
[WhiteTeam "BEIJING Aigo"]
[BlackTeam "GUANGDONG Huateng"]
[WhiteFideId "8603820"]
[BlackFideId "8600660"]
[EventDate "2010.05.23"]

1. e4 c6 2. d4 d5 3. f3 e6 4. Nc3 Nf6 5. Bf4 Bb4 6. Qd3 b6 7. Ne2 Ba6 8. Qe3
Nbd7 9. O-O-O Bc4 10. Kb1 b5 11. a3 a5 12. Ng3 Nb6 13. axb4 axb4 14. b3 Ra3 15.
Kc1 bxc3 16. Qxc3 Na4 17. Qb4 Ra1+ 18. Kd2 c5 19. dxc5 dxe4+ 20. Bd6 Nxc5 21.
Qxb5+ Bxb5 22. Bxb5+ Nfd7 23. Rxa1 Nb7 24. Nxe4 Nxd6 25. Nxd6+ Kf8 26. Bxd7 Ke7
27. Kc1 Kxd6 28. Rd1+ Ke5 29. Bxe6 Qg5+ 30. Rd2 Qe3 31. Bd5 Rd8 32. Ra4 Qg1+ 33.
Kb2 Qxh2 34. f4+ Kf6 35. Ra6+ Ke7 36. Re2+ Kf8 37. Rd2 Ke7 38. Re2+ Kf8 39. Ra7
Kg8 40. Rd7 Rc8 41. Rxf7 Kh8 42. Be6 Ra8 43. Bd5 Rc8 44. c4 Qg1 45. Rfe7 Qd4+
46. Ka2 h6 47. f5 Kh7 48. Be4 Kh8 49. Bd5 Kh7 50. Rd7 Ra8+ 51. Bxa8 Qxd7 52. Be4
Qd4 53. Bd5 Kh8 54. Ba8 Kh7 55. Be4 Qd7 56. Kb2 Kg8 57. Kc2 Qd4 58. Bd5+ Kh7 59.
Be4 Kh8 60. Bd5 Kh7 61. Ba8 Qd7 62. Be4 Kg8 63. Kb2 Qd4+ 64. Kc2 Kf7 65. Bd5+
Kf6 66. b4 Kxf5 67. b5 Qa1 68. Re6 Qa2+ 69. Kc3 Qa1+ 70. Kb4 Qb2+ 71. Kc5 Qa3+
72. Kc6 Qa8+ 73. Kc7 Qa7+ 74. Kc8 Qc5+ 75. Kb8 Qf8+ 76. Kb7 Qf7+ 77. Kc6 Qf8 78.
b6 Qc8+ 79. Kb5 Qd7+ 80. Kb4 Qd8 81. b7 h5 82. Kb5 h4 83. Ra6 Qe8+ 84. Kb6 Qe3+
85. Kc7 Qe7+ 86. Kb8 1-0

[Event "TCh-CHN"]
[Site "Shenzhan CHN"]
[Date "2010.06.08"]
[Round "5"]
[White "Ruan, Lufei"]
[Black "Li, Xueyi"]
[Result "1-0"]
[WhiteTitle "WGM"]
[WhiteElo "2479"]
[BlackElo "1957"]
[WhiteTeam "Lanpo JIANGSU"]
[BlackTeam "BEIJING Rendafuzhong"]
[WhiteFideId "8602727"]
[BlackFideId "8605912"]
[EventDate "2010.05.23"]

1. e4 c6 2. d4 d5 3. Nd2 dxe4 4. Nxe4 Nd7 5. Ng5 Ngf6 6. Bd3 e6 7. N1f3 Bd6 8.
Qe2 h6 9. Ne4 Nxe4 10. Qxe4 Nf6 11. Qe2 b6 12. Bd2 Bb7 13. O-O-O Qc7 14. Kb1
O-O-O 15. Ba6 Rhe8 16. Bd3 Rh8 17. Ba6 Rhe8 18. Rhe1 Nd5 19. g3 Bxa6 20. Qxa6+
Kb8 21. c4 Nf6 22. c5 Ka8 23. cxd6 Qxd6 24. Ne5 Rc8 25. Bf4 g5 26. Nc4 Qd8 27.
Nd6 Qd7 28. Nxc8 Rxc8 29. Bc1 Nd5 30. Qe2 Qe7 31. a3 b5 32. Bd2 Qf6 33. Qe5 Qg6+
34. Qe4 Qf6 35. f4 gxf4 36. gxf4 Ne7 37. Rc1 Kb7 38. Rc5 a6 39. f5 Nxf5 40. Rxf5
exf5 41. Qe7+ Qxe7 42. Rxe7+ Rc7 43. Rxc7+ Kxc7 44. Bxh6 Kd6 45. h4 Kd5 46. h5
Kxd4 47. Bg7+ 1-0

[Event "TCh-CHN"]
[Site "Shenzhan CHN"]
[Date "2010.06.08"]
[Round "5"]
[White "Fan, Yun"]
[Black "Guo, Qi"]
[Result "0-1"]
[WhiteElo "1962"]
[BlackElo "2143"]
[WhiteTeam "BEIJING Rendafuzhong"]
[BlackTeam "Lanpo JIANGSU"]
[WhiteFideId "8603731"]
[BlackFideId "8604002"]
[EventDate "2010.05.23"]

1. e4 e6 2. d4 d5 3. exd5 exd5 4. Bf4 Bd6 5. Bxd6 Qxd6 6. c3 Nf6 7. Bd3 O-O 8.
Ne2 b6 9. O-O c5 10. Nd2 Nc6 11. Re1 Bg4 12. f3 Bh5 13. Nf1 Rfe8 14. Qd2 Bg6 15.
Bxg6 hxg6 16. Rad1 c4 17. Nfg3 b5 18. Qg5 Re7 19. Nf4 Rae8 20. Rxe7 Rxe7 21. a3
Ne5 22. Nf1 Ned7 23. h4 Nb6 24. Qg3 Ne8 25. h5 gxh5 26. Qg5 Qf6 27. Qg3 Qf5 28.
Qh4 g5 29. Nxd5 Nxd5 30. Qxh5 Nef6 31. Qh6 Re6 32. Qh2 Nf4 33. Ng3 Qc2 34. Rf1
Kg7 35. d5 N6xd5 36. Nh5+ Nxh5 37. Qxh5 Qd2 38. f4 Nxf4 39. Qxg5+ Rg6 40. Qe5+
Kh7 0-1